[Event "47th Sparkassen Open"]
[Site "Dortmund GER"]
[Date "2019.07.14"]
[Round "2.31"]
[White "Ball, Joerg"]
[Black "Burchert, Wolfgang"]
[Result "1-0"]
[WhiteElo "1961"]
[BlackElo "2075"]
[WhiteFideId "4685172"]
[BlackFideId "4654412"]
[EventDate "2019.07.13"]

1. e4 c5 2. Nf3 e6 3. d4 cxd4 4. Nxd4 Nf6 5. Nc3 Nc6 6. Ndb5 d6 7. Bf4 e5 8. Bg5
a6 9. Na3 b5 10. Nd5 Be7 11. Bxf6 Bxf6 12. c3 O-O 13. Nc2 Bg5 14. a4 bxa4 15.
Rxa4 Ne7 16. Nxe7+ Qxe7 17. Bc4 a5 18. Nb4 Bb7 19. Nd5 Qd8 20. O-O Kh8 21. Qd3
g6 22. Rd1 f5 23. b3 Bh6 24. Rda1 Bg7 25. Qe2 Bc6 26. R4a3 Bh6 27. Qd3 Bg7 28.
Qe3 f4 29. Qb6 Qd7 30. Rxa5 Rab8 31. Ra7 Rxb6 32. Rxd7 Rxb3 33. Rxg7 1-0

[Event "47th Sparkassen Open"]
[Site "Dortmund GER"]
[Date "2019.07.14"]
[Round "2.32"]
[White "Wolff, Christoph"]
[Black "Winterberg, Andreas"]
[Result "1/2-1/2"]
[WhiteElo "2047"]
[BlackElo "1956"]
[WhiteFideId "4648706"]
[BlackFideId "16210433"]
[EventDate "2019.07.13"]

1. e4 e5 2. Nc3 Nf6 3. g3 Bc5 4. Bg2 Nc6 5. Nge2 Nd4 6. Nxd4 Bxd4 7. Ne2 Bb6 8.
d4 exd4 9. O-O d6 10. Nxd4 O-O 11. c3 Re8 12. Re1 Bg4 13. Qd3 Nd7 14. h3 Ne5 15.
Qe3 Bd7 16. Qe2 Qf6 17. Be3 a6 18. f4 Nc6 19. Nc2 Bxe3+ 20. Nxe3 Ne7 21. Qh5 Qg6 1/2-1/2

[Event "47th Sparkassen Open"]
[Site "Dortmund GER"]
[Date "2019.07.14"]
[Round "2.33"]
[White "Hammerich, Simon"]
[Black "Koellner, Aaron Noah"]
[Result "1-0"]
[WhiteElo "1954"]
[BlackElo "2044"]
[WhiteFideId "12955868"]
[BlackFideId "12993085"]
[EventDate "2019.07.13"]

1. e4 c5 2. Nf3 e6 3. d4 cxd4 4. Nxd4 Nc6 5. Nc3 Qc7 6. Be3 a6 7. Qf3 Bd6 8.
O-O-O Be5 9. Nxc6 bxc6 10. Bd4 Bf4+ 11. Kb1 Nf6 12. g3 Be5 13. Bxe5 Qxe5 14. Qe3
d5 15. f4 Qc7 16. exd5 cxd5 17. Nxd5 Nxd5 18. Rxd5 Bb7 19. Rc5 Qd6 20. Rg1 Qd1+
21. Qc1 Qd4 22. Rc3 O-O 23. Bg2 Bxg2 24. Rxg2 Rab8 25. Rb3 Rxb3 26. axb3 Rd8 27.
Qe1 Qd5 28. Rf2 h5 29. Kc1 Qc5 30. Re2 Rc8 31. Kb1 a5 32. Qf2 Qb5 33. Rd2 Ra8
34. Qd4 Qb7 35. Qd7 Qe4 36. Qd4 Qh1+ 37. Ka2 Qe1 38. Qc3 Qc1 39. Rd4 Qh1 40. Qd2
Kh7 41. Qe2 Kh6 42. Qe4 Qxe4 43. Rxe4 h4 44. Re5 Rd8 45. c4 Rd2 46. gxh4 Kg6 47.
Rxa5 Rxh2 48. c5 Rxh4 49. c6 Rh8 50. b4 Kf6 51. Kb3 Ke7 52. b5 Kd6 53. Kb4 Rh4
54. Ra7 Rxf4+ 55. Ka5 e5 56. Rd7+ Ke6 57. b6 Rc4 58. Kb5 Rc2 59. b4 Rh2 60. Rd8 1-0

[Event "47th Sparkassen Open"]
[Site "Dortmund GER"]
[Date "2019.07.14"]
[Round "2.34"]
[White "Barskij, Aleksandr"]
[Black "Wuebker, Paul-Luca"]
[Result "0-1"]
[WhiteElo "1941"]
[BlackElo "2009"]
[WhiteFideId "4697251"]
[BlackFideId "12939528"]
[EventDate "2019.07.13"]

1. e4 c5 2. Nc3 d6 3. g3 g6 4. Bg2 Bg7 5. d3 Nc6 6. Be3 e6 7. Qd2 Qb6 8. Nd1 a5
9. c3 a4 10. Ne2 Qb5 11. f4 Na5 12. O-O Ne7 13. Bf2 O-O 14. Ne3 Rd8 15. d4 b6
16. g4 Ba6 17. Rae1 Qd3 18. Qxd3 Bxd3 19. Bh4 Ra7 20. d5 Re8 21. Rf2 Nc4 22. Nc1
Nxe3 23. Rxe3 Bb5 24. Bxe7 Raxe7 25. e5 exd5 26. Bxd5 dxe5 27. fxe5 Bxe5 28. c4
Bd4 29. Rxe7 Rxe7 30. cxb5 Re1+ 31. Kg2 Bxf2 32. Nd3 Rd1 33. Bc4 Bd4 34. b3 Rd2+
35. Kg3 Rxa2 36. bxa4 Rxa4 37. Bd5 Ra3 38. Be4 c4 0-1

[Event "47th Sparkassen Open"]
[Site "Dortmund GER"]
[Date "2019.07.14"]
[Round "2.35"]
[White "De Smedt, Mark"]
[Black "Zweschper, Erich"]
[Result "0-1"]
[WhiteElo "1920"]
[BlackElo "2031"]
[WhiteFideId "244899"]
[BlackFideId "4643119"]
[EventDate "2019.07.13"]

1. e4 c5 2. Nc3 e6 3. Nge2 Nc6 4. g3 Nf6 5. Bg2 Be7 6. d4 cxd4 7. Nxd4 O-O 8.
O-O Qc7 9. Nb3 a6 10. a4 Rb8 11. Qe2 d6 12. f4 Nd7 13. Be3 Bf6 14. Nd1 Rd8 15.
g4 b5 16. a5 Be7 17. g5 Nc5 18. Nd4 Nxd4 19. Bxd4 e5 20. Be3 exf4 21. Bxf4 Ne6
22. Be3 Rf8 23. Qd2 Bb7 24. Nc3 Qd8 25. h4 Rc8 26. Nd5 Nc5 27. Rfd1 Re8 28.
Nxe7+ Qxe7 29. Qxd6 Nxe4 30. Qxe7 Rxe7 31. Rac1 Ng3 32. Bxb7 Rxb7 33. Kf2 Nf5
34. Rd5 Nxh4 35. Rd6 Ra8 36. Rcd1 Rbb8 37. Rd7 Nf5 38. Bf4 Rc8 39. Bc7 h6 40.
gxh6 Nxh6 41. c3 Kh7 42. Kf3 g5 43. Bd8 Rc5 44. R1d6 g4+ 45. Kg2 Re5 46. Rd2 Kg6
47. R7d6+ Re6 48. b3 Nf5 49. Rd7 Rc8 50. Rc7 Rxc7 51. Bxc7 Re3 52. Rc2 Rf3 53.
Bb6 Ne3+ 54. Bxe3 Rxe3 55. c4 Rxb3 56. c5 Re3 57. c6 Re8 58. c7 Rc8 59. Rc6+ Kg5
60. Rxa6 Rxc7 61. Rb6 Rc2+ 62. Kg3 Rc3+ 63. Kg2 Ra3 64. Rxb5+ f5 65. Rc5 Kf4 66.
Rc4+ Ke3 67. Kg3 Rxa5 68. Rf4 Re5 69. Ra4 Rd5 70. Rf4 Kd3 71. Kf2 Kd2 72. Kg2
Ke2 73. Kg3 Rd3+ 74. Kg2 Rf3 75. Ra4 Ke3 76. Rb4 Rf2+ 77. Kg3 Rd2 78. Ra4 Rd3
79. Rf4 Ke2+ 80. Kg2 Rf3 81. Ra4 Rh3 82. Rf4 Rh5 83. Ra4 Ke3 84. Kg3 Rh3+ 85.
Kg2 f4 86. Ra3+ Ke4 87. Ra4+ Kf5 88. Ra5+ Kg6 89. Ra6+ Kg5 90. Ra5+ Kh4 91. Rf5
f3+ 92. Kg1 Kg3 93. Rf8 Rh7 94. Rf6 Rb7 0-1

[Event "47th Sparkassen Open"]
[Site "Dortmund GER"]
[Date "2019.07.14"]
[Round "2.36"]
[White "Ahlers, Knut"]
[Black "Biermann, Florian"]
[Result "0-1"]
[WhiteElo "1854"]
[BlackElo "2016"]
[WhiteFideId "16203534"]
[BlackFideId "12970069"]
[EventDate "2019.07.13"]

1. e4 c5 2. Nc3 g6 3. g3 Bg7 4. Bg2 Nc6 5. d3 d6 6. f4 e5 7. Nge2 Nge7 8. O-O
O-O 9. Rb1 Be6 10. Be3 Nd4 11. Qd2 Rc8 12. h3 Qd7 13. Kh2 d5 14. fxe5 Nxe2 15.
Nxe2 d4 16. Bh6 Nc6 17. Bxg7 Kxg7 18. Qg5 Qc7 19. Nf4 Qxe5 20. Qxe5+ Nxe5 21. b3
b6 22. Bf3 Rc6 23. a4 Rd6 24. Kg2 f6 25. Be2 Bf7 26. Bg4 h5 27. Be2 Rh8 28. g4
hxg4 29. Bxg4 Nxg4 30. hxg4 g5 31. Ne2 Rh4 32. Kf3 Be6 33. Rg1 Rd8 34. Rg3 a5
35. Rbg1 Rdh8 36. R1g2 Kf7 37. Kf2 Rh2 38. Kf3 Ke7 39. Kf2 Kd6 40. Kf3 Ke5 41.
Rg1 Bd7 42. R3g2 Rxg2 43. Rxg2 Rh4 44. Rg1 Be6 45. Rg3 Kd6 46. Rg1 Kc6 47. Rg2
b5 48. c3 Rh3+ 49. Rg3 Rxg3+ 50. Kxg3 dxc3 51. d4 Bxb3 52. d5+ Kb6 53. axb5 c2
54. Kf3 Kxb5 55. Ke3 a4 56. Kd2 a3 57. Kc3 a2 58. Kb2 c4 59. Nc1 c3+ 60. Ka1 Bc4
61. d6 Kc6 62. e5 fxe5 63. d7 Kxd7 64. Nb3 c1=Q+ 0-1

[Event "47th Sparkassen Open"]
[Site "Dortmund GER"]
[Date "2019.07.14"]
[Round "2.37"]
[White "Leonard, Timo"]
[Black "Spickermann, Sven"]
[Result "1/2-1/2"]
[WhiteElo "1911"]
[BlackElo "2008"]
[WhiteFideId "16208757"]
[BlackFideId "16248767"]
[EventDate "2019.07.13"]

1. d4 d5 2. Nf3 e6 3. e3 Nf6 4. Bd3 c5 5. b3 cxd4 6. exd4 Nc6 7. Bb2 Bd6 8. a3
Qc7 9. O-O O-O 10. Nbd2 e5 11. dxe5 Nxe5 12. Nxe5 Bxe5 13. Bxe5 Qxe5 14. Nf3 Qc7
15. Re1 Bg4 16. Be2 Rac8 17. Nd4 Bd7 18. Bf3 Rfe8 19. Qd3 Qf4 20. Rad1 Ng4 21.
Bxg4 Qxg4 22. h3 Qh5 23. Rxe8+ Rxe8 24. Qf3 Qxf3 25. Nxf3 Bc6 26. Nd4 Bd7 27.
Kf1 f6 28. f3 Kf7 29. Re1 Rxe1+ 30. Kxe1 Ke7 31. Kd2 Kd6 32. Ke3 Ke5 33. a4 a5
34. g4 g5 35. Ne2 1/2-1/2

[Event "47th Sparkassen Open"]
[Site "Dortmund GER"]
[Date "2019.07.14"]
[Round "2.38"]
[White "Schriewer, Thomas"]
[Black "Groneberg, Joerg"]
[Result "1/2-1/2"]
[WhiteElo "2004"]
[BlackElo "1921"]
[WhiteFideId "24606049"]
[BlackFideId "12941638"]
[EventDate "2019.07.13"]

1. d4 Nf6 2. Nf3 g6 3. Bf4 Bg7 4. e3 c5 5. c3 b6 6. Nbd2 O-O 7. h3 Bb7 8. Be2
Nc6 9. O-O d6 10. Bh2 Re8 11. a4 e5 12. dxe5 dxe5 13. Nc4 Ba6 14. Qc2 Bxc4 15.
Bxc4 Nd7 16. Bb5 Rc8 17. Rad1 Qe7 18. Rd2 Ndb8 19. Rfd1 e4 20. Ne1 Be5 21. Bxe5
Qxe5 22. Rd5 Qe7 23. Qe2 Red8 24. Nc2 Kg7 25. Rxd8 1/2-1/2

[Event "47th Sparkassen Open"]
[Site "Dortmund GER"]
[Date "2019.07.14"]
[Round "2.39"]
[White "Skabs, Denis"]
[Black "Stock, Tobias W"]
[Result "1-0"]
[WhiteElo "1745"]
[BlackElo "2001"]
[WhiteFideId "16248449"]
[BlackFideId "407500"]
[EventDate "2019.07.13"]

1. e4 c5 2. d4 cxd4 3. c3 Nf6 4. e5 Nd5 5. Nf3 e6 6. cxd4 b6 7. a3 Be7 8. Bd3
O-O 9. O-O d6 10. Qe2 Nd7 11. Nc3 dxe5 12. Nxd5 exd5 13. Nxe5 Nxe5 14. dxe5 f5
15. Bd2 Bb7 16. Rac1 Bc5 17. b4 Bd4 18. Bc3 Bxc3 19. Rxc3 Rc8 20. Rfc1 Qg5 21.
Rxc8 Rxc8 22. Rxc8+ Bxc8 23. Qc2 Be6 24. g3 f4 25. Bxh7+ Kh8 26. Bd3 Qxe5 27.
Qe2 Qxe2 28. Bxe2 fxg3 29. fxg3 Kh7 30. Kf2 d4 31. Bd3+ Kh6 32. Kf3 g5 33. Ke4
Kh5 34. Be2+ Kg6 35. Kxd4 Kf5 36. h4 g4 37. Bd3+ Kf6 38. Ke4 Bb3 39. Kf4 Bd1 40.
Bf5 a5 41. Bxg4 Bc2 42. Bf3 1-0

[Event "47th Sparkassen Open"]
[Site "Dortmund GER"]
[Date "2019.07.14"]
[Round "2.40"]
[White "Gula, Julian"]
[Black "Manthei, Michael"]
[Result "1-0"]
[WhiteElo "1991"]
[BlackElo "1935"]
[WhiteFideId "12954799"]
[BlackFideId "24605824"]
[EventDate "2019.07.13"]

1. e4 h6 2. d4 a6 3. Nc3 g6 4. Be3 Bg7 5. a4 d6 6. Bc4 e6 7. Qd2 Nd7 8. Nge2 b6
9. O-O Bb7 10. Bb3 Ngf6 11. f3 Qe7 12. Kh1 O-O-O 13. d5 e5 14. a5 Nc5 15. axb6
cxb6 16. Na4 Qc7 17. Qb4 Nfd7 18. Nc1 f5 19. Nd3 fxe4 20. fxe4 Rhf8 21. Naxc5
dxc5 22. Qc3 Nf6 23. Nf2 Nd7 24. Bc4 Nb8 25. Be2 Nd7 26. Bxa6 Nf6 27. Bxb7+ Kxb7
28. b4 c4 29. b5 Ra8 30. Rxa8 Rxa8 31. Ra1 Qc8 32. h3 Nh5 33. Kh2 Bf8 34. Rxa8
Kxa8 35. Qa1+ Kb8 36. Bxb6 Qb7 37. Qxe5+ Ka8 38. Qa1+ Kb8 39. Qe5+ Ka8 40. Bc7
Qxb5 41. Qe6 Kb7 42. Qf7 1-0

[Event "47th Sparkassen Open"]
[Site "Dortmund GER"]
[Date "2019.07.14"]
[Round "2.41"]
[White "Atali, Dogukan"]
[Black "Koschetzki, Christian"]
[Result "1/2-1/2"]
[WhiteElo "1734"]
[BlackElo "1987"]
[WhiteFideId "16208269"]
[BlackFideId "24691658"]
[EventDate "2019.07.13"]

1. e4 c5 2. Nf3 g6 3. c4 Bg7 4. d4 cxd4 5. Nxd4 Nc6 6. Be3 Nf6 7. Nc3 Qb6 8. Ne6
Qxb2 9. Nc7+ Kd8 10. Na4 Qe5 11. Nxa8 Nxe4 12. Bd3 Qxa1 13. Qxa1 Bxa1 14. Bxe4
b6 15. Bxc6 dxc6 16. O-O Be5 17. Rd1+ Ke8 18. f4 Bb8 19. Rb1 Bf5 20. Rb2 f6 21.
Nc5 Kf7 22. Na6 Bxf4 23. Bxf4 Rxa8 24. Nb4 e5 25. Be3 Be4 26. c5 b5 27. Na6 Rd8
28. Rd2 Ke7 29. Rxd8 Kxd8 30. a3 Kd7 31. Bd2 Ke6 32. Nc7+ Kd7 33. Ba5 f5 34. Kf2
g5 35. Na6 Ke6 36. Nc7+ Kd7 37. Na6 1/2-1/2

[Event "47th Sparkassen Open"]
[Site "Dortmund GER"]
[Date "2019.07.14"]
[Round "2.42"]
[White "Schroeder, Joerg"]
[Black "Dippel, Olaf"]
[Result "1/2-1/2"]
[WhiteElo "1985"]
[BlackElo "1914"]
[WhiteFideId "24635677"]
[BlackFideId "4693159"]
[EventDate "2019.07.13"]

1. Nf3 Nf6 2. c4 g6 3. Nc3 d5 4. cxd5 Nxd5 5. d3 Bg7 6. Bd2 O-O 7. g3 c5 8. Bg2
Nc7 9. h4 Bd7 10. h5 Bc6 11. Qc1 Re8 12. Bh6 Bf6 13. Bg5 Bg7 14. hxg6 hxg6 15.
Bh6 Bf6 16. Qd2 Nd7 17. Nh4 Bxg2 18. Nxg2 Ne6 19. Ne4 Bd4 20. Nf4 Qb6 21. Nc3
Nf6 22. Nxe6 Qxe6 23. Bg7 Ng4 24. Bxd4 cxd4 25. Ne4 Rac8 26. Qg5 Kg7 27. Rh4 1/2-1/2

[Event "47th Sparkassen Open"]
[Site "Dortmund GER"]
[Date "2019.07.14"]
[Round "2.43"]
[White "Kracht, Raphael"]
[Black "Sondermann, Dirk"]
[Result "1-0"]
[WhiteElo "2000"]
[BlackElo "1865"]
[WhiteFideId "16214382"]
[BlackFideId "4658116"]
[EventDate "2019.07.13"]

1. e4 e6 2. d4 d5 3. Nd2 a6 4. Bd3 c5 5. dxc5 Nf6 6. Qe2 Nc6 7. Ngf3 Bxc5 8. c3
h6 9. O-O O-O 10. a4 a5 11. h3 Qc7 12. Re1 Ba7 13. Bc2 Nh5 14. Nf1 dxe4 15. Qxe4
f5 16. Qh4 Qf7 17. Be3 Bxe3 18. Nxe3 g5 19. Qc4 Kg7 20. Qe2 Nf4 21. Qb5 Qc7 22.
Nc4 Ra6 23. Rad1 Ng6 24. Qc5 Qf4 25. Nd4 g4 26. g3 Qg5 27. Nxe6+ Bxe6 28. Rxe6
gxh3 29. Rd7+ Rf7 30. Rxf7+ Kxf7 31. Qxf5+ Qxf5 32. Bxf5 Nd4 33. Rxg6 Nf3+ 34.
Kh1 Rxg6 35. Bxg6+ Kxg6 36. Nxa5 Kg5 37. Nxb7 Kg4 38. a5 1-0

[Event "47th Sparkassen Open"]
[Site "Dortmund GER"]
[Date "2019.07.14"]
[Round "2.45"]
[White "Oltmanns, Jan"]
[Black "Delere, Adrian"]
[Result "0-1"]
[WhiteElo "1970"]
[BlackElo "1858"]
[WhiteFideId "16251318"]
[BlackFideId "12990400"]
[EventDate "2019.07.13"]

1. e4 e5 2. Nf3 Nc6 3. d4 exd4 4. Bc4 Nf6 5. O-O Nxe4 6. Re1 d5 7. Bxd5 Qxd5 8.
Nc3 Qd7 9. Nxe4 Be7 10. Bg5 O-O 11. Bxe7 Qxe7 12. Nxd4 Bd7 13. Nc3 Qb4 14. Ndb5
Rad8 15. Nxc7 Qxb2 16. N7b5 Bf5 17. Qc1 Qxc2 18. Qf4 Be6 19. Ne4 Rd7 20. Qe3 Qd3
21. Qxd3 Rxd3 22. Nc5 Rd2 23. a3 Bc4 24. Ne4 Re2 25. Nbd6 Rxe1+ 26. Rxe1 b5 27.
Nxc4 bxc4 28. Nd6 c3 29. Rc1 Rd8 30. Nf5 c2 31. Ne3 Nd4 32. Kf1 Rc8 33. Ke1 f5
34. g3 Kf7 35. h4 g6 36. a4 Ke6 37. f4 h5 38. a5 Rc5 39. a6 Kd6 40. Nxc2 Rxc2
41. Rb1 Ra2 0-1

[Event "47th Sparkassen Open"]
[Site "Dortmund GER"]
[Date "2019.07.14"]
[Round "2.46"]
[White "Perkampus, Laurin"]
[Black "Homfeldt, Christopher"]
[Result "1/2-1/2"]
[WhiteElo "2009"]
[BlackElo "1848"]
[WhiteFideId "16232283"]
[BlackFideId "16220293"]
[EventDate "2019.07.13"]

1. d4 Nf6 2. c4 g6 3. Nc3 Bg7 4. e4 d6 5. Nf3 O-O 6. Be2 Nbd7 7. h3 c5 8. d5 Ne5
9. Nxe5 dxe5 10. O-O Ne8 11. Be3 b6 12. a3 f5 13. f3 f4 14. Bf2 Nd6 15. b4 Nb7
16. Rb1 Bd7 17. d6 e6 18. Nd5 exd5 19. Qxd5+ Rf7 20. Qxb7 Bxh3 21. Qd5 Bxg2 22.
Bh4 Qxh4 23. Qxa8+ Bf8 24. Kxg2 1/2-1/2

[Event "47th Sparkassen Open"]
[Site "Dortmund GER"]
[Date "2019.07.15"]
[Round "3.1"]
[White "Bagrationi, Alexander"]
[Black "Humburg, Philipp"]
[Result "1/2-1/2"]
[WhiteTitle "GM"]
[WhiteElo "2505"]
[BlackElo "2244"]
[WhiteFideId "14104954"]
[BlackFideId "24656151"]
[EventDate "2019.07.13"]

1. e4 e5 2. Nf3 Nc6 3. Bc4 Bc5 4. d3 Nf6 5. h3 O-O 6. c3 d5 7. exd5 Nxd5 8. O-O
Nb6 9. Bb3 Bf5 10. Bc2 Qd7 11. Qe2 Rae8 12. Nbd2 Nd5 13. Ne4 Bd6 14. Nh4 Nf4 15.
Bxf4 exf4 16. Nxf5 Qxf5 17. d4 Qg6 18. Qf3 Qh6 19. b4 Re7 20. Nd2 Kh8 21. Be4 f5
22. Bxc6 bxc6 23. Rae1 Rfe8 24. Rxe7 Rxe7 25. Qxc6 g5 26. Nf3 g4 27. Re1 Rxe1+
28. Nxe1 Qe6 29. Kf1 f3 30. gxf3 gxh3 31. f4 h2 32. Qa8+ Kg7 33. Qg2+ Kh8 34.
Qxh2 Qc4+ 35. Kg2 Qxc3 36. Nf3 Qxb4 37. Ng5 Qb7+ 38. Kg3 c6 39. Qh6 Bb4 40. Qe6
Qg7 41. Qe8+ Bf8 42. Kf3 Qf6 43. Ne6 Kg8 44. Qxc6 Qh6 45. Qe8 Qh3+ 46. Ke2 Qa3
47. d5 Qxa2+ 48. Kf1 Qa3 49. Kg2 Qd6 50. Qa8 Qe7 51. Kg3 Qa3+ 52. f3 Qb4 53.
Qxa7 Qe1+ 54. Qf2 Qxf2+ 55. Kxf2 Bd6 56. Kg3 Kf7 57. Nd4 Kf6 58. Nb5 Bc5 59. Nc7
Kg6 60. Ne6 Bd6 61. Nd8 Bb4 62. Nb7 Kf7 63. Kh4 Ke7 64. Kg5 Kd7 65. d6 Kc8 66.
Kxf5 Kxb7 67. Ke6 Kc6 68. d7 Kc7 69. Kf5 Kxd7 70. Kg4 Ke6 71. f5+ Kf6 72. f4 Bd2
73. Kh3 Kxf5 74. Kg2 h5 75. Kh1 Kxf4 76. Kg2 Kg4 77. Kh1 h4 78. Kg2 h3+ 79. Kh1
Kg3 80. Kg1 h2+ 81. Kh1 Kf2 82. Kxh2 1/2-1/2

[Event "47th Sparkassen Open"]
[Site "Dortmund GER"]
[Date "2019.07.15"]
[Round "3.2"]
[White "Michalczak, Thomas"]
[Black "Kashlinskaya, Alina"]
[Result "1-0"]
[WhiteTitle "FM"]
[BlackTitle "IM"]
[WhiteElo "2239"]
[BlackElo "2492"]
[WhiteFideId "4622634"]
[BlackFideId "4198026"]
[EventDate "2019.07.13"]

1. e4 e5 2. Nf3 Nc6 3. Bb5 a6 4. Ba4 Nf6 5. O-O Be7 6. Re1 b5 7. Bb3 d6 8. c3
O-O 9. h3 Nb8 10. d4 Nbd7 11. Nbd2 Bb7 12. Bc2 Re8 13. Nf1 Bf8 14. Ng3 g6 15. a4
c5 16. d5 c4 17. Bg5 h6 18. Be3 Nc5 19. Qd2 h5 20. Bxc5 dxc5 21. Qg5 Nd7 22.
Qxd8 Rexd8 23. Nf1 f6 24. Ne3 Bh6 25. g4 hxg4 26. hxg4 Kg7 27. g5 Bxg5 28. Nxg5
fxg5 29. Ng4 Re8 30. Kg2 Nf6 31. Nxf6 Kxf6 32. Bd1 b4 33. Rc1 b3 34. Be2 a5 35.
Bxc4 Ba6 36. Bxa6 Rxa6 37. Rh1 g4 38. Rh4 c4 39. Rch1 Raa8 40. Kg3 Rf8 41. Kxg4
Ke7 42. f3 Kd6 43. Kg3 Rf6 44. Rh8 Rxh8 45. Rxh8 g5 46. Re8 Rf4 47. Re6+ Kd7 48.
Rxe5 Rh4 49. Kg2 g4 50. Rg5 gxf3+ 51. Kxf3 Rh3+ 52. Rg3 Rh5 53. Rg7+ Kd6 54.
Rg6+ Kd7 55. Ke3 Rh2 56. Kd4 Rxb2 57. Kxc4 Rb1 58. e5 Kc7 59. Rc6+ Kb7 60. e6 b2
61. Kc5 Ka7 62. Rb6 1-0

[Event "47th Sparkassen Open"]
[Site "Dortmund GER"]
[Date "2019.07.15"]
[Round "3.3"]
[White "Stillger, Bernhard"]
[Black "Schleining, Zoya"]
[Result "1-0"]
[WhiteTitle "FM"]
[BlackTitle "IM"]
[WhiteElo "2199"]
[BlackElo "2339"]
[WhiteFideId "4610768"]
[BlackFideId "4671660"]
[EventDate "2019.07.13"]

1. Nf3 d5 2. g3 g6 3. Bg2 Bg7 4. c4 dxc4 5. Na3 e5 6. Nxc4 Nc6 7. d3 Nge7 8. O-O
O-O 9. Rb1 a5 10. b3 Re8 11. Bb2 Nf5 12. Nfd2 Bd7 13. Ne4 b6 14. Nc3 Rc8 15. Nd5
Nb4 16. a3 Nxd5 17. Bxd5 h5 18. Bg2 h4 19. e4 Nd6 20. f4 Nxc4 21. bxc4 h3 22.
Bf3 Be6 23. fxe5 c5 24. Be2 Qc7 25. Rf6 Rcd8 26. Qf1 Rd7 27. g4 Rde7 28. Qxh3
Bd7 29. Qg3 Bxf6 30. exf6 Qxg3+ 31. hxg3 Re6 32. g5 Ba4 33. e5 Rd8 34. Rc1 Bb3
35. Kf2 Rde8 36. Bg4 Rxe5 37. Bxe5 Rxe5 38. Re1 Rxe1 39. Kxe1 Ba4 40. Kd2 Kf8
41. Ke3 Ke8 42. Kf4 Bc2 43. Be2 Kd7 44. Ke3 Kc7 45. Bf3 Ba4 46. Bd5 Be8 47. Be4
Kd7 48. Bf3 Kc7 49. d4 cxd4+ 50. Kxd4 Bc6 51. Bd5 Be8 52. Ke5 Kd7 53. Be4 Kc7
54. Bc2 b5 55. cxb5 Bxb5 56. Bxg6 Bc4 57. Be4 1-0

[Event "47th Sparkassen Open"]
[Site "Dortmund GER"]
[Date "2019.07.15"]
[Round "3.4"]
[White "Kartsev, Soel"]
[Black "Chittka, Julius"]
[Result "1/2-1/2"]
[WhiteElo "2217"]
[BlackElo "2319"]
[WhiteFideId "4130561"]
[BlackFideId "12954772"]
[EventDate "2019.07.13"]

1. c4 g6 2. Nf3 Bg7 3. g3 c5 4. Nc3 Nc6 5. Bg2 e5 6. d3 Nge7 7. Nd2 d6 8. Nf1
O-O 9. Ne3 Rb8 10. O-O a6 11. a4 Nb4 12. Ned5 Nexd5 13. Nxd5 Nxd5 14. Bxd5 b5
15. cxb5 axb5 16. a5 Bb7 17. Qb3 Bxd5 18. Qxd5 Ra8 19. b4 cxb4 20. a6 e4 21. Ra2
exd3 22. exd3 Qc8 23. Qxb5 Qe6 24. Ra4 Rfb8 25. Qc6 d5 26. Qxe6 fxe6 27. Bd2 b3
28. Rb1 b2 29. d4 e5 30. a7 Rb7 31. dxe5 Bxe5 32. Be3 Rc7 33. Kg2 Rc2 34. Kf3 d4
35. Bxd4 Bxd4 36. Rxd4 Rxa7 37. Rb4 Rf7+ 38. Ke3 Rfxf2 39. h4 Kg7 40. g4 Rh2 41.
Kf4 Kf7 42. Re1 Rhe2 43. Rxe2 Rxe2 44. Kg5 Rh2 45. Rb6 Ke7 46. h5 gxh5 47. gxh5
Kd7 48. Kh6 Ke7 49. Kg7 Rxh5 50. Rxb2 Ke6 51. Rb4 Kf5 52. Rb5+ Kg4 53. Rxh5 Kxh5
54. Kxh7 1/2-1/2

[Event "47th Sparkassen Open"]
[Site "Dortmund GER"]
[Date "2019.07.15"]
[Round "3.5"]
[White "Maes, Wim"]
[Black "Luft, Dennis"]
[Result "1/2-1/2"]
[WhiteTitle "FM"]
[WhiteElo "2185"]
[BlackElo "2294"]
[WhiteFideId "201073"]
[BlackFideId "24623717"]
[EventDate "2019.07.13"]

1. Nf3 d5 2. g3 Nf6 3. Bg2 e6 4. O-O Be7 5. d3 O-O 6. Nbd2 c5 7. e4 Nc6 8. Re1
b5 9. a4 b4 10. exd5 exd5 11. Nb3 Ba6 12. Be3 Qb6 13. d4 c4 14. Nc5 Bc8 15. h3
Re8 16. c3 Bxc5 17. dxc5 Qa5 18. Nd4 Qxc5 19. Nxc6 Qxc6 20. cxb4 Bf5 21. Qd4 a6
22. Red1 Be4 23. Bxe4 Rxe4 24. Qb6 Qc8 25. Bd4 Nh5 26. Kg2 Qf5 27. Ra3 Re6 28.
Qb7 Qe4+ 29. Kg1 Rae8 30. Re3 Qf5 31. Rde1 h6 32. b5 axb5 33. a5 Qxh3 34. Qxd5
Nf4 35. Qf3 Nd3 36. R1e2 Rd8 37. Rxe6 fxe6 38. Bb6 Rd5 39. Qg2 Qh5 40. Qe4 Re5
41. Qa8+ Kh7 42. Rxe5 Qxe5 43. a6 Qe1+ 44. Kg2 Qe2 45. a7 Ne1+ 46. Kg1 Nf3+ 47.
Kg2 Ne1+ 1/2-1/2

[Event "47th Sparkassen Open"]
[Site "Dortmund GER"]
[Date "2019.07.15"]
[Round "3.6"]
[White "Wagner, Alexej"]
[Black "Andersen, Gunnar"]
[Result "0-1"]
[WhiteElo "2277"]
[BlackElo "2166"]
[WhiteFideId "4129555"]
[BlackFideId "30920795"]
[EventDate "2019.07.13"]

1. d4 Nf6 2. c4 g6 3. Nc3 Bg7 4. e4 d6 5. Nf3 O-O 6. Be2 e5 7. d5 a5 8. Bg5 h6
9. Bh4 Na6 10. Nd2 Qe8 11. O-O Bd7 12. b3 Nh7 13. a3 h5 14. f3 Bh6 15. Bf2 Qd8
16. Kh1 h4 17. Rb1 Bf4 18. Qe1 Qg5 19. Rb2 Kg7 20. Bxh4 Qh6 21. Bg3 Rh8 22. Bxf4
exf4 23. g4 Ng5 24. Qf2 f6 25. b4 axb4 26. axb4 Rh7 27. Ra1 Rah8 28. Nf1 Qh3 29.
Rc1 Qh6 30. Rcb1 f5 31. exf5 gxf5 32. Qd4+ Kg8 33. Qxf4 Rf7 34. Qg3 Qg7 35. Rc2
Rh3 36. Qe1 fxg4 37. fxg4 Qg6 38. Bd1 Qd3 39. Ng3 Rxg3 40. Qxg3 Rf1+ 41. Kg2
Rxd1 42. Qxd3 Rxd3 43. b5 Nc5 44. b6 cxb6 45. Rxb6 Bxg4 46. Rxd6 Bh3+ 47. Kg1
Nce4 48. Rd8+ Kh7 49. Nxe4 Nxe4 50. Rc1 Rd2 51. Rf8 Kg7 52. Rf4 Rg2+ 53. Kh1
Nf2+ 54. Rxf2 Rxf2 55. c5 Rd2 56. Rb1 Bg2+ 57. Kg1 Bxd5 0-1

[Event "47th Sparkassen Open"]
[Site "Dortmund GER"]
[Date "2019.07.15"]
[Round "3.7"]
[White "Arold, Gerhard"]
[Black "Dorst, Johannes"]
[Result "1/2-1/2"]
[BlackTitle "FM"]
[WhiteElo "2045"]
[BlackElo "2234"]
[WhiteFideId "24664120"]
[BlackFideId "4650433"]
[EventDate "2019.07.13"]

1. d4 Nf6 2. Bf4 c5 3. e3 Nd5 4. Bxb8 Rxb8 5. c4 Nf6 6. Nf3 g6 7. Nc3 Bg7 8. Be2
O-O 9. O-O d6 10. d5 a6 11. Nd2 b5 12. Qc2 Bd7 13. Rab1 e6 14. Bf3 Qa5 15. b3
Ne8 16. Ne2 e5 17. e4 Bh6 18. Rbd1 Bxd2 19. Qxd2 Qxd2 20. Rxd2 bxc4 21. bxc4 Rb4
22. Rc1 Nf6 23. Rc3 Rfb8 24. Nc1 Rb1 25. Kf1 Bg4 26. Bxg4 Nxg4 27. f3 Nf6 28.
Ke2 Nd7 29. Nb3 Rb4 30. Rd1 Rb2+ 31. Rd2 Rb1 32. Rd1 Rxd1 33. Kxd1 Nb6 34. Nd2
Na4 35. Ra3 Kf8 36. Kc2 Ke7 37. Rb3 a5 38. a3 Rb7 39. Rb5 Rxb5 40. cxb5 Nb6 41.
Kc3 Kd7 42. Nc4 Nxc4 43. Kxc4 Kc7 44. a4 Kb6 1/2-1/2